Heidi

Bibliographic Details
Main Author: Spyri, Johanna
Other Authors: John Dillow
Format: Book
Published: Loughborough : Ladybird Books , 19-
Series:Ladybird Classics
Subjects:

MARC

LEADER 00000cam a2200000 7i4500
001 0000008149
005 20071009.0
020 |a 0721417515 
090 0 0 |a JF   |b LAD 
100 1 |a Spyri, Johanna 
245 1 0 |a Heidi   |c Johanna Spyri 
260 |a Loughborough :   |b Ladybird Books ,   |c 19- 
300 |b 51p. :   |b ill. ;   |c 18cm. 
490 0 |a Ladybird Classics 
650 0 0 |a Children's stories 
700 1 |a John Dillow 
999 |a 043727   |b BUKU   |c PINJAMAN   |e PERPUSTAKAAN KOMUNITI PETALING JAYA 
999 |a 052391   |b BUKU   |c PINJAMAN   |e PERPUSTAKAAN KOMUNITI CAW KOTA DAMANSARA 
999 |a 055501   |b BUKU   |c PINJAMAN   |e PERPUSTAKAAN KOMUNITI CAW KOTA DAMANSARA 
999 |a 055502   |b BUKU   |c PINJAMAN   |e PERPUSTAKAAN KOMUNITI CAW KOTA DAMANSARA 
999 |a 124221   |b BUKU   |c PINJAMAN   |e PERPUSTAKAAN KOMUNITI PETALING JAYA 
999 |a 124222   |b BUKU   |c PINJAMAN   |e PERPUSTAKAAN KOMUNITI PETALING JAYA 
999 |a 124223   |b BUKU   |c PINJAMAN   |e PERPUSTAKAAN KOMUNITI PETALING JAYA